000 03875nam a22005175i 4500
001 978-3-319-49041-0
003 DE-He213
005 20210118134130.0
007 cr nn 008mamaa
008 170516s2017 gw | s |||| 0|eng d
020 _a9783319490410
_9978-3-319-49041-0
024 7 _a10.1007/978-3-319-49041-0
_2doi
050 4 _aRC799-869
072 7 _aMJH
_2bicssc
072 7 _aMED031000
_2bisacsh
072 7 _aMJH
_2thema
082 0 4 _a616.33
_223
245 1 0 _aUpper Endoscopy for GI Fellows
_h[electronic resource] /
_cedited by Douglas G. Adler.
250 _a1st ed. 2017.
264 1 _aCham :
_bSpringer International Publishing :
_bImprint: Springer,
_c2017.
300 _aXIII, 182 p. 141 illus., 120 illus. in color.
_bonline resource.
336 _atext
_btxt
_2rdacontent
337 _acomputer
_bc
_2rdamedia
338 _aonline resource
_bcr
_2rdacarrier
347 _atext file
_bPDF
_2rda
505 0 _aHow to Perform a High Yield Esophagogastroduodenoscopy -- Nonvariceal Upper Gastrointestinal Bleeding -- Variceal Upper GI Bleeding -- Foreign Body Removal -- Diagnosis and Management of Barrett’s Esophagus -- Benign Strictures of the Esophagus, Stomach and Duodenum: Evaluation and Management -- Malignant Strictures of the Esophagus, Stomach and Duodenum: Evaluation and Management -- Endoscopic appearance after foregut surgery -- Enteral Feeding Tubes: What every fellow should know -- Complications of upper endoscopy and their management -- Pediatric EGD -- Evaluation and management of mucosal and submucosal lesions in the foregut -- Enteroscopy for GI Fellows -- Quality in Upper Endoscopy.
520 _aThis volume provides a concise overview of the most important and vital aspects of upper endoscopy. The text is specifically geared towards first-year GI fellows and novice endoscopists in order to help them rapidly assimilate the core concepts needed to perform upper endoscopy in the most important and most commonly encountered clinical situations. The book also covers the most important variations of normal anatomy and pathology and how to manage them. Key concepts covered include foreign body removal, diagnosis and management of upper GI bleeding, Barrett's Esophagus, evaluation and management of benign and malignant strictures of the esophagus, stomach, and duodenum, submucosal lesions, and evaluation of post operative upper GI anatomy. A plethora of high quality color illustrations and narrated online video clips illustrate major concepts in the book are also included. Written by experts in the field, Upper Endoscopy for GI Fellows is a valuable resource for new physicians just starting to perform upper endoscopy. .
650 0 _aGastroenterology .
650 1 4 _aGastroenterology.
_0http://scigraph.springernature.com/things/product-market-codes/H33061
700 1 _aAdler, Douglas G.
_eeditor.
_4edt
_4http://id.loc.gov/vocabulary/relators/edt
710 2 _aSpringerLink (Online service)
773 0 _tSpringer eBooks
776 0 8 _iPrinted edition:
_z9783319490397
776 0 8 _iPrinted edition:
_z9783319490403
776 0 8 _iPrinted edition:
_z9783319840741
856 4 0 _uhttps://doi.org/10.1007/978-3-319-49041-0
912 _aZDB-2-SME
999 _c448823
_d448823
942 _cEB
506 _aAvailable to subscribing member institutions only. Доступно лише організаціям членам підписки.
506 _fOnline access from local network of NaUOA.
506 _fOnline access with authorization at https://link.springer.com/
506 _fОнлайн-доступ з локальної мережі НаУОА.
506 _fОнлайн доступ з авторизацією на https://link.springer.com/